Experiential preceptual motor exercises. Student workbook
Saved in:
| Main Authors: | , , |
|---|---|
| Format: | Bog |
| Sprog: | engelsk |
| Udgivet: |
Nueva York
Teaching Resources
1968
|
| Serier: | Dubnoff School 2. Programa Level Two
|
| Fag: | |
| Tags: |
Tilføj Tag
Ingen Tags, Vær først til at tagge denne postø!
|
MARC
| LEADER | 00000nam a2200000 a 4500 | ||
|---|---|---|---|
| 001 | UCI3661 | ||
| 003 | CL-VaPUC | ||
| 008 | 071123e19680000US |||||||||||||||||eng|d | ||
| 082 | 0 | 4 | |a 371.9 |b DUB |2 21 |
| 100 | 0 | |a Dubnoff, Belle |e author |9 491078 | |
| 700 | 0 | |a Chambers, Irene |e author |9 525114 | |
| 700 | 0 | |a Shaefer, Florence |e author |9 525115 | |
| 245 | 1 | 0 | |a Experiential preceptual motor exercises. Student workbook |
| 300 | |a p. irreg | ||
| 942 | |c BK | ||
| 945 | |d 20071123 00:00:00 |a rbrito | ||
| 260 | |a Nueva York |b Teaching Resources |c 1968 | ||
| 500 | |a Incluye en forma separada texto guía | ||
| 650 | 0 | |a Educación especial |9 307486 | |
| 650 | 0 | |a Trastornos del aprendizaje |9 307969 | |
| 583 | |a last modification |c 20071123 00:00:00 |k Rodrigo Vera | ||
| 490 | 0 | |a Dubnoff School 2. Programa Level Two | |
| 999 | |c 327793 |d 327791 | ||
| 952 | |0 0 |1 0 |4 0 |6 371_900000000000000_DUB_1968 |7 0 |8 P |9 411228 |a BIBEDU |b BIBEDU |c BIBEDU_PB |d 2019-11-22 |i 439187K |o 371.9 DUB 1968 |p 439187K |r 2024-01-25 |w 2019-11-22 |y BK |k EPE | ||
| 952 | |0 0 |1 0 |4 0 |6 371_900000000000000_DUB_1968 |7 0 |8 P |9 411229 |a BIBEDU |b BIBEDU |c BIBEDU_PB |d 2019-11-22 |i 4391888 |o 371.9 DUB 1968 |p 4391888 |r 2024-01-25 |w 2019-11-22 |y BK |k EPE | ||
| 952 | |0 0 |1 0 |4 0 |6 371_900000000000000_DUB_1968 |7 0 |8 P |9 411230 |a BIBEDU |b BIBEDU |c BIBEDU_PB |d 2019-11-22 |i 4391918 |o 371.9 DUB 1968 |p 4391918 |r 2024-01-25 |w 2019-11-22 |y BK |k EPE | ||